| 000 | 00452cam a2200181ua 4500 | ||
|---|---|---|---|
| 020 | _cRs 4.00 | ||
| 041 |
_ahin _h |
||
| 082 |
_a891.54 _bACH/CH |
||
| 100 | _aAcharya Ramachanra , Shukla . | ||
| 245 |
_aChintamani / _cAcharya Ramachandra Shukla. _hTextual Documents |
||
| 250 |
_a1 / _b. |
||
| 260 |
_aVaranasi : _bSaraswati Mandir , _c1932. |
||
| 300 | _a245. | ||
| 365 | _aRs 4.00 | ||
| 504 | _a | ||
| 942 | _cBK | ||
| 999 |
_c3467 _d3467 |
||